Statistics for U.S. States with More Than One Glacier

Click here to take the quiz!

General Stats

  • This quiz has been taken 179 times
  • The average score is 7 of 8

Answer Stats

State% Correct
Alaska
99%
Washington
93%
Oregon
91%
Montana
89%
California
87%
Idaho
85%
Wyoming
80%
Colorado
79%

Score Distribution

Percentile by Number Answered

Percent of People with Each Score

Your Score History

You have not taken this quiz